[Event "POL-chT 2nd League"]
[Site "Jastrzebia Gora"]
[Date "2022.09.08"]
[Round "6.6"]
[White "Kasperek, Joanna"]
[Black "Majdan, Joanna"]
[Result "0-1"]
[WhiteElo "2031"]
[BlackElo "2307"]
[PlyCount "96"]
[EventDate "2022.09.03"]
[EventType "team-swiss"]
[EventRounds "9"]
[EventCountry "POL"]
[SourceTitle "CBM 210 Extra"]
[Source "ChessBase"]
[SourceDate "2022.11.30"]
[SourceVersion "1"]
[SourceVersionDate "2022.11.30"]
[SourceQuality "1"]
[WhiteTeam "Debica Gryf"]
[BlackTeam "Bydgoszcz Energia Gwiazda"]
[WhiteTeamCountry "POL"]
[BlackTeamCountry "POL"]

1. e4 c5 2. Nf3 d6 3. d4 cxd4 4. Qxd4 Nc6 5. Bb5 a6 6. Bxc6+ bxc6 7. 0-0 e5 8. Qd3 Qc7 9. c4 Be7 10. Nc3 Nf6 11. b4 0-0 12. Bg5 h6 13. Bxf6 Bxf6 14. Rac1 Be7 15. b5 axb5 16. cxb5 cxb5 17. Rfd1 Qa5 18. Qxb5 Be6 19. Qxa5 Rxa5 20. h3 f5 21. exf5 Rxf5 22. Ne4 Ra6 23. a3 Rf4 24. Rc7 Bf8 25. Ng3 Rxa3 26. Kh2 Ra2 27. Kg1 Rb4 28. Rd2 Rb1+ 29. Kh2 Rxd2 30. Nxd2 Rb2 31. Nde4 d5 32. Rc6 Bf7 33. Nd6 Bxd6 34. Rxd6 Rxf2 35. Kg1 Rf4 36. Ne2 Rf6 37. Rd8+ Kh7 38. Nc3 d4 39. Ne4 Rf4 40. Nf2 h5 41. g3 Rf3 42. Kg2 Re3 43. Rd6 Bg6 44. g4 h4 45. Kf1 d3 46. Kg2 e4 47. Nd1 Rg3+ 48. Kh2 e3 0-1

[Event "POL-chT 1st League"]
[Site "Szklarska Poreba"]
[Date "2021.09.10"]
[Round "7.12"]
[White "Kasperek, Joanna"]
[Black "Dylag, Emilia"]
[Result "1/2-1/2"]
[WhiteElo "2053"]
[BlackElo "2065"]
[PlyCount "70"]
[EventDate "2021.09.04"]
[EventType "team-swiss"]
[EventRounds "9"]
[EventCountry "POL"]
[SourceTitle "CBM 204 Extra"]
[Source "ChessBase"]
[SourceDate "2021.11.30"]
[SourceVersion "1"]
[SourceVersionDate "2021.11.30"]
[SourceQuality "1"]
[WhiteTeam "Debica Gryf"]
[BlackTeam "Krakow KKSz"]
[WhiteTeamCountry "POL"]
[BlackTeamCountry "POL"]

1. e4 e5 2. Nf3 Nc6 3. Nc3 Nf6 4. d4 exd4 5. Nxd4 Bb4 6. Nxc6 bxc6 7. Bd3 d5 8. exd5 cxd5 9. 0-0 0-0 10. Bg5 c6 11. Na4 h6 12. Bh4 Be6 13. c3 Bd6 14. b4 Re8 15. Re1 a5 16. a3 axb4 17. axb4 g5 18. Bg3 Bxg3 19. hxg3 Bd7 20. Nc5 Rxe1+ 21. Qxe1 Rxa1 22. Qxa1 Qe7 23. c4 dxc4 24. Bxc4 Bf5 25. Qd1 Qe5 26. Be2 Nd5 27. g4 Bg6 28. Bf3 Qc3 29. Qe2 Qxb4 30. Qe8+ Kh7 31. Bxd5 Qxc5 32. Qxc6 Qb4 33. Qf6 Qe1+ 34. Kh2 Qe8 35. g3 Qd7 1/2-1/2

[Event "POL-chT 1st League"]
[Site "Szklarska Poreba"]
[Date "2021.09.08"]
[Round "5.13"]
[White "Szelag, Zuzanna"]
[Black "Kasperek, Joanna"]
[Result "0-1"]
[WhiteElo "1839"]
[BlackElo "2053"]
[PlyCount "128"]
[EventDate "2021.09.04"]
[EventType "team-swiss"]
[EventRounds "9"]
[EventCountry "POL"]
[SourceTitle "CBM 204 Extra"]
[Source "ChessBase"]
[SourceDate "2021.11.30"]
[SourceVersion "1"]
[SourceVersionDate "2021.11.30"]
[SourceQuality "1"]
[WhiteTeam "Chrobry Gniezno"]
[BlackTeam "Debica Gryf"]
[WhiteTeamCountry "POL"]
[BlackTeamCountry "POL"]

1. e4 c5 2. Nf3 e6 3. b3 Nf6 4. e5 Nd5 5. c4 Nc7 6. Bb2 Be7 7. g3 0-0 8. Bg2 Nc6 9. 0-0 f6 10. Qe2 fxe5 11. Nxe5 Nd4 12. Bxd4 cxd4 13. Be4 Ne8 14. Ng4 Nf6 15. Nxf6+ Bxf6 16. d3 d5 17. Bg2 Qd6 18. Nd2 Bd7 19. cxd5 exd5 20. Qh5 Bc6 21. Rfe1 g6 22. Qg4 Rae8 23. h4 Kh8 24. Bh3 Bb5 25. Rxe8 Rxe8 26. Qf3 Rf8 27. a4 Bc6 28. Qg4 Qb4 29. Rd1 b5 30. Qe6 Qc3 31. a5 Bg7 32. Qd6 Bb7 33. a6 Bc8 34. Bxc8 Rxc8 35. Qd7 Qc2 36. Qg4 Re8 37. Qf3 Rf8 38. Qe2 Qc6 39. Ra1 Re8 40. Qf3 Qc3 41. Rd1 Qc6 42. Ra1 Qc2 43. Rd1 Bh6 44. Qf6+ Kg8 45. Qf3 Re5 46. Qg4 Bxd2 47. Rxd2 Qxd2 48. Qc8+ Kf7 49. Qd7+ Re7 50. Qxd5+ Kg7 51. Qxd4+ Kh6 52. Qf6 Qe1+ 53. Kg2 Qe5 54. Qf8+ Rg7 55. g4 Qd5+ 56. Kg1 Qf7 57. Qc5 Rg8 58. Qe5 Re8 59. g5+ Kh5 60. Qg3 Qf5 61. d4 Qg4 62. Kg2 Qxg3+ 63. Kxg3 Rd8 64. Kf3 Rxd4 0-1

[Event "POL-chT 1st League"]
[Site "Szklarska Poreba"]
[Date "2021.09.07"]
[Round "4.13"]
[White "Kasperek, Joanna"]
[Black "Rejniak, Zuzanna"]
[Result "1-0"]
[WhiteElo "2053"]
[BlackElo "1810"]
[PlyCount "79"]
[EventDate "2021.09.04"]
[EventType "team-swiss"]
[EventRounds "9"]
[EventCountry "POL"]
[SourceTitle "CBM 204 Extra"]
[Source "ChessBase"]
[SourceDate "2021.11.30"]
[SourceVersion "1"]
[SourceVersionDate "2021.11.30"]
[SourceQuality "1"]
[WhiteTeam "Debica Gryf"]
[BlackTeam "Warszawa Czternastka"]
[WhiteTeamCountry "POL"]
[BlackTeamCountry "POL"]

1. e4 c5 2. Nf3 d6 3. d4 Nf6 4. Nc3 cxd4 5. Qxd4 a6 6. Be3 Nbd7 7. e5 dxe5 8. Nxe5 e6 9. Rd1 Qa5 10. Nc4 Qc5 11. Qf4 e5 12. Bxc5 exf4 13. Nd6+ Bxd6 14. Bxd6 b5 15. Be2 Bb7 16. 0-0 f3 17. gxf3 0-0-0 18. a4 bxa4 19. Nxa4 Nd5 20. c4 N7b6 21. Nxb6+ Nxb6 22. c5 Rhe8 23. Rfe1 Na4 24. c6 Bxc6 25. Bxa6+ Bb7 26. Rc1+ Kd7 27. Bb5+ Kxd6 28. Rxe8 Rxe8 29. Bxe8 Nc5 30. Bxf7 Bxf3 31. Rc3 Be2 32. Rg3 Nd3 33. Rxg7 Nf4 34. Rxh7 Ke5 35. Be8 Bg4 36. b4 Ke4 37. Bc6+ Kd3 38. Rh4 Ne2+ 39. Kf1 Bf5 40. Bb5+ 1-0

[Event "POL-chT 2nd League"]
[Site "Poronin"]
[Date "2020.09.08"]
[Round "4.9"]
[White "Kasperek, Joanna"]
[Black "Szelag, Zuzanna"]
[Result "1/2-1/2"]
[WhiteElo "2048"]
[BlackElo "1841"]
[PlyCount "61"]
[EventDate "2020.09.05"]
[EventType "team-swiss"]
[EventRounds "9"]
[EventCountry "POL"]
[SourceTitle "CBM 198 Extra"]
[Source "ChessBase"]
[SourceDate "2020.11.30"]
[SourceVersion "1"]
[SourceVersionDate "2020.11.30"]
[SourceQuality "1"]
[WhiteTeam "Debica Gryf"]
[BlackTeam "Chrobry Gniezno"]
[WhiteTeamCountry "POL"]
[BlackTeamCountry "POL"]

1. e4 c5 2. Nf3 d6 3. Nc3 Nf6 4. e5 dxe5 5. Nxe5 Nbd7 6. d4 e6 7. Bb5 a6 8. Bxd7+ Nxd7 9. Qf3 Qf6 10. Qxf6 Nxf6 11. Be3 cxd4 12. Bxd4 Bb4 13. 0-0-0 Bxc3 14. Bxc3 0-0 15. Bb4 Re8 16. Nc4 Nd5 17. Ba5 b5 18. Nd6 Re7 19. Rhe1 Bb7 20. a3 Rd7 21. Nxb7 Rxb7 22. Rd4 Rc8 23. f4 h6 24. f5 Rc6 25. Re5 Nb6 26. Bxb6 Rbxb6 27. Rd8+ Kh7 28. Rd7 Kg8 29. Rd8+ Kh7 30. Rd7 Kg8 31. Rd8+ 1/2-1/2

[Event "POL-chT 2nd League"]
[Site "Jastrzebia Gora"]
[Date "2019.09.12"]
[Round "6.10"]
[White "Jedrocha, Katarzyna"]
[Black "Kasperek, Joanna"]
[Result "1-0"]
[WhiteElo "1943"]
[BlackElo "2045"]
[PlyCount "108"]
[EventDate "2019.09.07"]
[EventType "team-swiss"]
[EventRounds "9"]
[EventCountry "POL"]
[SourceTitle "EXT 2020"]
[Source "ChessBase"]
[SourceDate "2019.10.17"]
[SourceVersion "1"]
[SourceVersionDate "2019.10.17"]
[SourceQuality "1"]
[WhiteTeam "Myslenice MLKSz"]
[BlackTeam "Debica Gryf"]
[WhiteTeamCountry "POL"]
[BlackTeamCountry "POL"]

1. d4 Nf6 2. Nf3 c5 3. d5 e6 4. Nc3 exd5 5. Nxd5 Nxd5 6. Qxd5 Be7 7. e4 0-0 8. Bc4 Nc6 9. 0-0 d6 10. c3 Be6 11. Qd3 Bxc4 12. Qxc4 Qb6 13. Qe2 Rad8 14. Rd1 Rfe8 15. Bf4 Qa5 16. a4 Qb6 17. Qb5 Na5 18. Rd5 Bf8 19. Nd2 Nc6 20. f3 Re6 21. Nc4 Qc7 22. Rad1 b6 23. a5 Nxa5 24. Nxa5 bxa5 25. Rxc5 dxc5 26. Bxc7 Rxd1+ 27. Kf2 h6 28. Qb8 Rd2+ 29. Kf1 f6 30. Bf4 Rd1+ 31. Kf2 Rb6 32. Qc8 Rxb2+ 33. Kg3 g5 34. Be3 Kf7 35. Bxc5 Bxc5 36. Qxc5 Rdd2 37. Kg4 Kg6 38. Qf5+ Kg7 39. g3 a6 40. e5 fxe5 41. Qxe5+ Kg6 42. Qe6+ Kg7 43. Qe7+ Kg6 44. Qe6+ Kg7 45. h4 gxh4 46. Kxh4 Ra2 47. f4 Re2 48. Qxa6 Rf2 49. Kh5 Rh2+ 50. Kg4 a4 51. Kf5 Rh5+ 52. Ke6 Rhh2 53. Qb7+ Kg8 54. Kf6 Rh5 1-0

[Event "POL-chT 2nd League"]
[Site "Jastrzebia Gora"]
[Date "2019.09.11"]
[Round "5.7"]
[White "Kasperek, Joanna"]
[Black "Czarniecka, Aleksandra"]
[Result "1-0"]
[WhiteElo "2045"]
[BlackElo "2003"]
[PlyCount "87"]
[EventDate "2019.09.07"]
[EventType "team-swiss"]
[EventRounds "9"]
[EventCountry "POL"]
[SourceTitle "EXT 2020"]
[Source "ChessBase"]
[SourceDate "2019.10.17"]
[SourceVersion "1"]
[SourceVersionDate "2019.10.17"]
[SourceQuality "1"]
[WhiteTeam "Debica Gryf"]
[BlackTeam "Bogatynia UKS SP3"]
[WhiteTeamCountry "POL"]
[BlackTeamCountry "POL"]

1. e4 c5 2. Nf3 d6 3. d4 Nf6 4. Nc3 cxd4 5. Qxd4 a6 6. Be3 Nc6 7. Qb6 Qxb6 8. Bxb6 g6 9. 0-0-0 Bh6+ 10. Kb1 Bg4 11. h3 Bxf3 12. gxf3 Ne5 13. Be2 Nh5 14. Nd5 Rc8 15. Bd4 Bf4 16. h4 e6 17. Nxf4 Nxf4 18. Bf1 Nh5 19. Be3 Ke7 20. Be2 Nc4 21. Bxc4 Rxc4 22. b3 Rc6 23. c4 e5 24. Rd3 f5 25. Rhd1 Nf6 26. Bg5 Rd8 27. Rd5 b6 28. f4 Rf8 29. fxe5 dxe5 30. exf5 Kf7 31. Rxe5 gxf5 32. Rxf5 Kg6 33. Rxf6+ Rfxf6 34. Bxf6 Rxf6 35. b4 Kh5 36. Kb2 Rxf2+ 37. Kb3 Rf3+ 38. Ka4 a5 39. bxa5 bxa5 40. Rc1 Kxh4 41. c5 Rf8 42. c6 h5 43. c7 Rc8 44. Kxa5 1-0

[Event "POL-chT 2nd League"]
[Site "Jastrzebia Gora"]
[Date "2018.09.04"]
[Round "4.11"]
[White "Mrozinska, Anna"]
[Black "Kasperek, Joanna"]
[Result "0-1"]
[WhiteElo "1780"]
[BlackElo "2051"]
[PlyCount "72"]
[EventDate "2018.09.01"]
[EventType "team-swiss"]
[EventRounds "9"]
[EventCountry "POL"]
[SourceTitle "CBM 186 Extra"]
[Source "ChessBase"]
[SourceDate "2018.08.24"]
[SourceVersion "1"]
[SourceVersionDate "2018.08.24"]
[SourceQuality "1"]
[WhiteTeam "Gdansk Korona"]
[BlackTeam "Debica Gryf"]
[WhiteTeamCountry "POL"]
[BlackTeamCountry "POL"]

1. e4 c5 2. Nf3 e6 3. d4 cxd4 4. Nxd4 Nf6 5. Nc3 Bb4 6. Bd3 e5 7. Nf5 0-0 8. 0-0 Bxc3 9. bxc3 d5 10. Ba3 Bxf5 11. exf5 Re8 12. Rb1 Qc7 13. Bb5 Nc6 14. Re1 a6 15. Bxc6 Qxc6 16. Qd3 Rac8 17. Rb3 Ne4 18. Qh3 f6 19. c4 Qxc4 20. Rxb7 Qxc2 21. Rf1 Rb8 22. Qb3 Qxb3 23. Rxb3 Rxb3 24. axb3 Rb8 25. b4 Nd2 26. Rd1 Nc4 27. Bc1 Rxb4 28. Rxd5 Rb1 29. Rd1 Nd2 30. h4 Nb3 31. Rd8+ Kf7 32. Rd7+ Kf8 33. Rd8+ Ke7 34. Rb8 Rxc1+ 35. Kh2 Na5 36. Rb6 Rc6 0-1

[Event "POL-chT 2nd League"]
[Site "Jastrzebia Gora"]
[Date "2018.09.02"]
[Round "2.66"]
[White "Pastuszko, Kinga"]
[Black "Kasperek, Joanna"]
[Result "1-0"]
[WhiteElo "1987"]
[BlackElo "2051"]
[PlyCount "131"]
[EventDate "2018.09.01"]
[EventType "team-swiss"]
[EventRounds "9"]
[EventCountry "POL"]
[SourceTitle "CBM 186 Extra"]
[Source "ChessBase"]
[SourceDate "2018.08.24"]
[SourceVersion "1"]
[SourceVersionDate "2018.08.24"]
[SourceQuality "1"]
[WhiteTeam "Konin UKS Smecz"]
[BlackTeam "Debica Gryf"]
[WhiteTeamCountry "POL"]
[BlackTeamCountry "POL"]

1. e4 c5 2. Nf3 e6 3. d4 cxd4 4. Nxd4 a6 5. Bd3 Nf6 6. 0-0 Qc7 7. c3 d6 8. f4 Be7 9. Nd2 Nbd7 10. Qe2 Nc5 11. Bc2 b5 12. e5 Nfd7 13. N2f3 Bb7 14. Kh1 Bd5 15. b3 Qb7 16. Nf5 dxe5 17. Nxe7 Kxe7 18. fxe5 f6 19. Ba3 Rac8 20. exf6+ gxf6 21. c4 Bc6 22. b4 Ne4 23. Rae1 f5 24. Bb2 Rhg8 25. Nd4 Rg4 26. Nxc6+ Qxc6 27. Bxe4 Rxe4 28. Qh5 bxc4 29. Qxh7+ Kd8 30. Rxe4 Qxe4 31. Rd1 Rc7 32. Qh8+ Ke7 33. Qg7+ Ke8 34. Bf6 Nxf6 35. Qxc7 Nd5 36. Qc6+ Ke7 37. Qc5+ Ke8 38. Qd4 Qe2 39. Qd2 Qxd2 40. Rxd2 c3 41. Rc2 Nxb4 42. Rxc3 Nxa2 43. Rc6 Kf7 44. Rxa6 Nc3 45. g3 Ne4 46. Kg2 Kf6 47. h4 Nc5 48. Ra5 Nb3 49. Ra8 Nd2 50. Rf8+ Ke7 51. Rg8 Kf7 52. Rd8 Nc4 53. Kf3 Ke7 54. Rc8 Nd6 55. Rc6 e5 56. g4 fxg4+ 57. Kxg4 e4 58. h5 Ne8 59. h6 Kf7 60. Kg5 e3 61. Rc3 e2 62. Re3 Nf6 63. Rxe2 Nh7+ 64. Kf5 Nf6 65. Ra2 Nh7 66. Rg2 1-0

[Event "POL-chT 2nd League"]
[Site "Jastrzebia Gora"]
[Date "2018.09.01"]
[Round "1.4"]
[White "Kasperek, Joanna"]
[Black "Magnucka, Milena"]
[Result "1-0"]
[WhiteElo "2051"]
[BlackElo "2028"]
[PlyCount "75"]
[EventDate "2018.09.01"]
[EventType "team-swiss"]
[EventRounds "9"]
[EventCountry "POL"]
[SourceTitle "CBM 186 Extra"]
[Source "ChessBase"]
[SourceDate "2018.08.24"]
[SourceVersion "1"]
[SourceVersionDate "2018.08.24"]
[SourceQuality "1"]
[WhiteTeam "Debica Gryf"]
[BlackTeam "Ostrow Wielkopolski"]
[WhiteTeamCountry "POL"]
[BlackTeamCountry "POL"]

1. e4 d6 2. d4 Nf6 3. Nc3 g6 4. f4 Bg7 5. Nf3 0-0 6. Bd3 b6 7. Qe2 Bb7 8. 0-0 c5 9. d5 Nbd7 10. Bc4 a6 11. a4 Qc7 12. Bd2 Kh8 13. Rae1 h6 14. e5 Ng8 15. e6 fxe6 16. Nh4 Rf6 17. dxe6 Nf8 18. Nd5 Bxd5 19. Bxd5 Rd8 20. Bc3 Kh7 21. Qxa6 h5 22. Qe2 Nh6 23. f5 Rxf5 24. Nxf5 gxf5 25. Bxg7 Kxg7 26. Qxh5 Ng6 27. c4 Qa7 28. Re3 Qxa4 29. Rg3 Ng4 30. Qxf5 Rf8 31. Qxg4 Rxf1+ 32. Kxf1 Qa1+ 33. Kf2 Qxb2+ 34. Qe2 Qd4+ 35. Kf1 Qf4+ 36. Kg1 Qd4+ 37. Qf2 Qd1+ 38. Qf1 1-0

[Event "POL-chT 2nd League"]
[Site "Jastrzebia Gora"]
[Date "2015.09.11"]
[Round "7.30"]
[White "Kasperek, Joanna"]
[Black "Szydlowska, Marta"]
[Result "0-1"]
[WhiteElo "2051"]
[BlackElo "1990"]
[PlyCount "146"]
[EventDate "2015.09.05"]
[EventType "team-swiss"]
[EventRounds "9"]
[EventCountry "POL"]
[SourceTitle "EXT 2017"]
[Source "ChessBase"]
[SourceDate "2016.10.25"]
[SourceVersion "1"]
[SourceVersionDate "2016.10.25"]
[SourceQuality "1"]
[WhiteTeam "Debica Gryf"]
[BlackTeam "Gliwice Politechnika Slaska"]
[WhiteTeamCountry "POL"]
[BlackTeamCountry "POL"]

1. e4 d5 2. exd5 Qxd5 3. Nc3 Qd6 4. d4 Nf6 5. Nf3 a6 6. Bc4 Nc6 7. Be3 Bg4 8. Qe2 b5 9. Bb3 b4 10. Na4 e6 11. Rd1 Be7 12. Nc5 0-0 13. h3 Bh5 14. g4 Bg6 15. Nh4 Be4 16. Nxe4 Nxe4 17. Ng2 Nf6 18. c4 bxc3 19. bxc3 Nd5 20. Bxd5 exd5 21. 0-0 Rfe8 22. Qf3 Na5 23. Bf4 Qd7 24. Ne3 c6 25. Rfe1 Bd6 26. Nf5 Nc4 27. Qg3 Bxf4 28. Qxf4 Re6 29. Qg5 g6 30. Nh4 Rae8 31. Rxe6 Rxe6 32. Nf3 Qe8 33. Qh6 f6 34. Rb1 Nd6 35. Qf4 g5 36. Qd2 Re2 37. Qd3 Rxa2 38. Re1 Qg6 39. Qxg6+ hxg6 40. Re6 Ne4 41. Rxc6 Rxf2 42. Ne1 Ra2 43. Nd3 a5 44. Nc5 Kf7 45. Nxe4 dxe4 46. d5 f5 47. Re6 a4 48. gxf5 gxf5 49. Re5 Kg6 50. d6 Rd2 51. Ra5 Rxd6 52. Rxa4 Rd3 53. Ra6+ Kh5 54. Rf6 f4 55. Re6 Rxc3 56. Rxe4 Rxh3 57. Kg2 Kg4 58. Ra4 Rb3 59. Ra2 Rg3+ 60. Kh2 Rh3+ 61. Kg2 f3+ 62. Kg1 Rh8 63. Ra5 Re8 64. Kf2 Re2+ 65. Kf1 Kf4 66. Ra4+ Re4 67. Ra3 g4 68. Ra8 Rb4 69. Ra1 g3 70. Rc1 g2+ 71. Kf2 Rb2+ 72. Kg1 Kg3 73. Rc2 Rb1+ 0-1

[Event "POL-chT 2nd League"]
[Site "Jastrzebia Gora"]
[Date "2015.09.05"]
[Round "1.108"]
[White "Baranska, Monika"]
[Black "Kasperek, Joanna"]
[Result "1/2-1/2"]
[WhiteElo "1686"]
[BlackElo "2051"]
[PlyCount "80"]
[EventDate "2015.09.05"]
[EventType "team-swiss"]
[EventRounds "9"]
[EventCountry "POL"]
[SourceTitle "EXT 2017"]
[Source "ChessBase"]
[SourceDate "2016.10.25"]
[SourceVersion "1"]
[SourceVersionDate "2016.10.25"]
[SourceQuality "1"]
[WhiteTeam "Warszawa Skoczek Trojanski"]
[BlackTeam "Debica Gryf"]
[WhiteTeamCountry "POL"]
[BlackTeamCountry "POL"]

1. d4 Nf6 2. Bg5 c5 3. d5 Ne4 4. Bf4 Qb6 5. Qc1 c4 6. e3 Qa5+ 7. c3 Qxd5 8. f3 Nc5 9. Na3 Nd3+ 10. Bxd3 Qxd3 11. Qd1 Na6 12. Qxd3 cxd3 13. 0-0-0 d6 14. Rxd3 g6 15. e4 Bg7 16. Ne2 Bd7 17. Rhd1 b5 18. Nc2 Rc8 19. Kb1 Nc5 20. R3d2 a5 21. Be3 Na6 22. Bb6 a4 23. Bd4 Bxd4 24. Rxd4 Be6 25. Nf4 0-0 26. Nxe6 fxe6 27. Nb4 Nc5 28. Rc1 Rb8 29. Nc6 Rb6 30. Nb4 Rfb8 31. Rcd1 Rc8 32. Nc2 Kg7 33. R4d2 Rcb8 34. Rd4 Rc8 35. R4d2 Rcb8 36. Rd4 Rc8 37. R4d2 Rcb8 38. Rd4 Rc8 39. R4d2 Rcb8 40. Rd4 Rc8 1/2-1/2

[Event "POL-chT 2nd League"]
[Site "Szczyrk"]
[Date "2014.09.10"]
[Round "5.30"]
[White "Bartel, Marta"]
[Black "Kasperek, Joanna"]
[Result "1/2-1/2"]
[WhiteElo "2379"]
[BlackElo "2003"]
[PlyCount "83"]
[EventDate "2014.09.06"]
[EventType "team-swiss"]
[EventRounds "9"]
[EventCountry "POL"]
[SourceTitle "EXT 2015"]
[Source "ChessBase"]
[SourceDate "2014.11.20"]
[SourceVersion "1"]
[SourceVersionDate "2014.11.20"]
[SourceQuality "1"]
[WhiteTeam "Miedzyborow Wrzos"]
[BlackTeam "Debica Gryf"]
[WhiteTeamCountry "POL"]
[BlackTeamCountry "POL"]

1. d4 Nf6 2. Bg5 c5 3. Bxf6 exf6 4. dxc5 Bxc5 5. e3 0-0 6. Nf3 Qb6 7. Qc1 d5 8. c3 Nc6 9. Be2 Bf5 10. Nbd2 Rfe8 11. Nb3 Bd6 12. 0-0 Ne5 13. Nfd4 Be4 14. a4 a6 15. Rd1 h6 16. Nd2 Nd3 17. Bxd3 Bxd3 18. Nf1 Bg6 19. Qd2 Be5 20. Ne2 Rad8 21. Nf4 Bxf4 22. exf4 Bh5 23. Re1 Rxe1 24. Rxe1 d4 25. Ng3 dxc3 26. Qxc3 Bd1 27. a5 Qd4 28. Re8+ Kh7 29. Rxd8 Qxd8 30. Nf1 Be2 31. Ne3 Bb5 32. h3 Qd6 33. Qc2+ Qd3 34. Qxd3+ Bxd3 35. f3 f5 36. Kf2 g5 37. Ke1 Kg6 38. Kd2 Bb5 39. Nd5 Bc4 40. Ne3 Bb5 41. Nd5 Bc4 42. Ne3 1/2-1/2

[Event "POL-chT 2nd League"]
[Site "Szczyrk"]
[Date "2014.09.09"]
[Round "4.42"]
[White "Kasperek, Joanna"]
[Black "Mucha, Magdalena"]
[Result "1-0"]
[WhiteElo "2003"]
[BlackElo "1976"]
[PlyCount "79"]
[EventDate "2014.09.06"]
[EventType "team-swiss"]
[EventRounds "9"]
[EventCountry "POL"]
[SourceTitle "EXT 2015"]
[Source "ChessBase"]
[SourceDate "2014.11.20"]
[SourceVersion "1"]
[SourceVersionDate "2014.11.20"]
[SourceQuality "1"]
[WhiteTeam "Debica Gryf"]
[BlackTeam "Stara Wies Parnas"]
[WhiteTeamCountry "POL"]
[BlackTeamCountry "POL"]

1. e4 g6 2. d4 Bg7 3. Nc3 c6 4. f4 d5 5. e5 h5 6. Bd3 Nh6 7. Nf3 Bf5 8. Be3 e6 9. Bf2 Nd7 10. Qe2 Bxd3 11. Qxd3 Nf5 12. 0-0-0 b5 13. Kb1 Nb6 14. g3 Nc4 15. Nd2 Nxd2+ 16. Qxd2 Qb6 17. h3 0-0-0 18. g4 Nh6 19. Rhg1 hxg4 20. hxg4 Qc7 21. Qe2 Qd7 22. Rg3 Ng8 23. f5 exf5 24. gxf5 Qxf5 25. Rf3 Qe6 26. Be3 f6 27. Bf4 g5 28. Bg3 f5 29. a4 a6 30. axb5 axb5 31. Nxb5 cxb5 32. Rc3+ Kd7 33. Qxb5+ Ke7 34. Rc6 Qd7 35. e6 Qe8 36. Qc5+ Kf6 37. e7+ Kf7 38. exd8Q Qxd8 39. Bc7 Qd7 40. Rd6 1-0

[Event "Rewal op-A 19th"]
[Site "Rewal"]
[Date "2014.08.23"]
[Round "5"]
[White "Kasperek, Joanna"]
[Black "Koziol, Kamil"]
[Result "1-0"]
[WhiteElo "2003"]
[BlackElo "2090"]
[PlyCount "53"]
[EventDate "2014.08.19"]
[EventType "swiss"]
[EventRounds "9"]
[EventCountry "POL"]
[SourceTitle "EXT 2015"]
[Source "ChessBase"]
[SourceDate "2014.11.20"]
[SourceVersion "1"]
[SourceVersionDate "2014.11.20"]
[SourceQuality "1"]

1. e4 c5 2. Nf3 e6 3. d4 cxd4 4. Nxd4 a6 5. c4 Nf6 6. Nc3 Qc7 7. Bd3 Nc6 8. Nxc6 bxc6 9. 0-0 Be7 10. Qe2 d6 11. f4 Nd7 12. Be3 c5 13. Rad1 Nb8 14. e5 Bb7 15. f5 Nc6 16. fxe6 Nxe5 17. exf7+ Nxf7 18. Qh5 g6 19. Nd5 Qd7 20. Bxg6 hxg6 21. Qxg6 Bxd5 22. Rxd5 Bf8 23. Bg5 Bh6 24. Bxh6 Rxh6 25. Qg8+ Ke7 26. Rxf7+ Ke6 27. Qg4+ 1-0

[Event "Rewal op-A 19th"]
[Site "Rewal"]
[Date "2014.08.22"]
[Round "4"]
[White "Nester, Ihor"]
[Black "Kasperek, Joanna"]
[Result "1-0"]
[WhiteElo "2247"]
[BlackElo "2003"]
[PlyCount "79"]
[EventDate "2014.08.19"]
[EventType "swiss"]
[EventRounds "9"]
[EventCountry "POL"]
[SourceTitle "EXT 2015"]
[Source "ChessBase"]
[SourceDate "2014.11.20"]
[SourceVersion "1"]
[SourceVersionDate "2014.11.20"]
[SourceQuality "1"]

1. Nf3 c5 2. c4 Nc6 3. d4 cxd4 4. Nxd4 g6 5. Nc2 Bg7 6. e4 d6 7. Be2 Nf6 8. Nc3 0-0 9. 0-0 b6 10. Bg5 Bb7 11. Ne3 Rc8 12. Qd2 Ne5 13. f3 h6 14. Bh4 Kh7 15. Rac1 Qd7 16. Bxf6 Bxf6 17. f4 Nc6 18. e5 Bg7 19. Bg4 Qd8 20. Bxc8 Qxc8 21. exd6 exd6 22. Ncd5 Nd4 23. f5 Nxf5 24. Nxf5 gxf5 25. Qc2 Qc5+ 26. Kh1 Bc8 27. Ne7 Be6 28. Nxf5 Kh8 29. Nxg7 Kxg7 30. b3 d5 31. cxd5 Qxd5 32. Rf3 Rd8 33. Rg3+ Kf8 34. h3 Qe5 35. Qc3 Qf4 36. Rf3 Qg5 37. Re1 Rd2 38. Rg3 Qd5 39. Rxe6 fxe6 40. Qf6+ 1-0

[Event "Krakow op-B 24th"]
[Site "Krakow"]
[Date "2013.12.31"]
[Round "6"]
[White "Kasperek, Joanna"]
[Black "Shehovtsov, Aleksandr"]
[Result "1/2-1/2"]
[WhiteElo "2020"]
[BlackElo "1916"]
[PlyCount "83"]
[EventDate "2013.12.27"]
[EventType "swiss"]
[EventRounds "9"]
[EventCountry "POL"]
[SourceTitle "CBM 158 Extra"]
[Source "ChessBase"]
[SourceDate "2014.02.28"]
[SourceVersion "1"]
[SourceVersionDate "2014.02.28"]
[SourceQuality "1"]

1. e4 c5 2. Nf3 a6 3. c3 d5 4. exd5 Qxd5 5. d4 Nf6 6. Be2 e6 7. 0-0 Be7 8. Ne5 0-0 9. Bf3 Qd8 10. Na3 Nbd7 11. Nxd7 Qxd7 12. Nc4 Qc7 13. Qb3 Rb8 14. g3 Ne8 15. Bf4 Nd6 16. Qb6 Qxb6 17. Nxb6 cxd4 18. cxd4 g5 19. Be5 f6 20. Bxd6 Bxd6 21. Rac1 e5 22. Nxc8 Rfxc8 23. Rxc8+ Rxc8 24. Bxb7 Rc2 25. dxe5 Bxe5 26. Bxa6 Bxb2 27. f4 Rc1 28. Rxc1 Bxc1 29. fxg5 fxg5 30. Kf2 Kf7 31. Kf3 h5 32. h3 Ba3 33. Ke4 Ke6 34. Bc4+ Kd7 35. Kf5 Be7 36. a4 h4 37. gxh4 gxh4 38. a5 Kc7 39. a6 Kb6 40. Ke6 Bb4 41. Kf5 Ka7 42. Ke6 1/2-1/2

[Event "POL-chT2"]
[Site "Poronin"]
[Date "2013.09.12"]
[Round "6.72"]
[White "Swiatnicka, Malgorzata"]
[Black "Kasperek, Joanna"]
[Result "1/2-1/2"]
[WhiteElo "1843"]
[BlackElo "2013"]
[PlyCount "70"]
[EventDate "2013.09.06"]
[EventType "team-swiss"]
[EventRounds "9"]
[EventCountry "POL"]
[SourceTitle "EXT 2015"]
[Source "ChessBase"]
[SourceDate "2014.11.20"]
[SourceVersion "1"]
[SourceVersionDate "2014.11.20"]
[SourceQuality "1"]
[WhiteTeam "Konin Hetman"]
[BlackTeam "Debica Gryf"]
[WhiteTeamCountry "POL"]
[BlackTeamCountry "POL"]

1. e4 c5 2. c3 Nf6 3. e5 Nd5 4. Bc4 Nb6 5. Bb3 Nc6 6. Nf3 d6 7. exd6 Qxd6 8. d4 cxd4 9. Nxd4 Nxd4 10. Qxd4 Qg6 11. Qf4 Bf5 12. 0-0 Bd3 13. Rd1 e6 14. Be3 Rd8 15. Bxb6 axb6 16. Na3 Bd6 17. Qe3 Bc5 18. Ba4+ Ke7 19. Qg3 Qxg3 20. hxg3 Be2 21. Rxd8 Rxd8 22. b4 Bd6 23. Bb5 Ra8 24. Nc4 Bxc4 25. Bxc4 Rc8 26. Be2 Rxc3 27. a3 Rc2 28. Bd3 Rd2 29. Be4 Be5 30. Rf1 Bd4 31. Bxb7 Ra2 32. b5 Rxa3 33. Kh2 Ra2 34. f3 Ra1 35. Rxa1 Bxa1 1/2-1/2